1945 1354 1108 1191 1596 1322 1088 1744 1306 1652 1009 1658 1239 1504 1869 1229 1891 1273 1423 1217 1042 1190 1224 1550 1374 1343 1864 1084 1487 1002 1934 1168 1816 1823 1907 1258 1580 1079 1383 1335 1831 1139 1680 1798 1813 1522 1032 1570 1133 1087 1433 1990 1795 1818 1698 1935 1832 1223 1298 1679 1822 1858 1892 1703 1821 1065 1136 1267 1123 1108 1238 1349 1117 1581 1594 1527 1460 1270 1812 1376 1764 1887 1496 1832 1238 1439 1984 1546 1362 1517 1386 1371 1428 1197 1614 1873 1015 1277 1913 BCNSPRNW ULIB Ver.6.0+V

เปลี่ยนเป็นภาษาไทย

Change to English
 แสดงรายละเอียดบรรณานุกรม
  กลับหน้าหลัก

Brief Record : Get Marc (ISO 2709) : E-mail record : QR code < ปิดหน้าต่าง
LEADER : 00000nam 2200000uu 4500
001    13399127395
003     ULIB
008    200519s2018||||th 000 0 tha d
020    ^a9781506258812
020    ^a9781506258829&^8225;c1,570 (set)
050 04 ^aPE1128^bL633B
100 1  ^aLougheed, Lin
245 10 ^aBarron s TOEIC practice exams /^cLin Lougheed
246 30 ^aTOEIC practice exams
250    ^a4th ed.
260    ^aNew York :^bBarron s,^c2018
300    ^aiii, 455 p. :^bill ;^c28 cm.
490 0  ^aBarron s the leader in test preparation
490 0  ^aTOEIC superpack
650  0 ^aTest of English for international communication^xStudy guides
650  0 ^aEnglish language^xExaminations^xStudy guides.
650  0 ^aEnglish language^xExaminations, questions, etc.
650  0 ^aEnglish language^xTextbooks for foreign speakers.
945    ^p444^l0^i007066
999    ^aประนอม เกษจรัล
รายการนี้ยังไม่มีแท็ก
คุณยังไม่ได้ล็อกอิน คุณสามารถมีกิจกรรมร่วมกับเว็บไซต์ได้ แต่ต้องล็อกอินก่อน ::
  ล็อกอิน

รายการสื่อสารสนเทศ

ลำดับที่ ประเภท เลขเรียก/บาร์โค้ด สถานที่ สถานะ
1. การศึกษาทั่วไป
หนังสือสำรอง
สถานะ=หนังสือสำรอง
PE1128 L633B ฉ.1 
  Barcode: 007066
ห้องสมุดวิทยาเขตสวรรค์ประชารักษ์
►หนังสือทั่วไป
บนชั้น

รายการใกล้เคียง
    ผู้แต่ง [Lougheed, Lin]

BibComment


ยังไม่เคยถูกคอมเมนท์

คอมเมนท์ทรัพยากรรายการนี้
  คอมเมนท์: Barron s TOEIC p..


 Copyright 2026. Bcnsprnw @Library